000 00299nam a22001217a 4500
008 171011b xxu||||| |||| 00| 0 eng d
041 _aeng
080 _a316
100 _a50
101 _aSOC
245 _aPROCESS CONSULTATION: IT'S ROLE IN ORGANIZATION DEVELOPMENT
_cSCHEIN,E.H
942 _2udc
_cBK
999 _c33023
_d33023